Loading...
| Beliefs | 4 | 20.00 | 100% | 75% | 25% |
| Current Events | 2 | 10.00 | 100% | 0% | 0% |
| Fine Arts - Auditory Fine Arts | 4 | 5.00 | 50% | 0% | 0% |
| Fine Arts - Other Arts | 1 | 10.00 | 0% | 100% | 0% |
| Fine Arts - Visual Fine Arts | 2 | 10.00 | 100% | 0% | 0% |
| Geography | 1 | 30.00 | 100% | 100% | 100% |
| History - American History | 7 | 11.43 | 86% | 29% | 0% |
| History - European History | 5 | 14.00 | 100% | 40% | 0% |
| History - World History | 3 | 13.33 | 100% | 33% | 0% |
| Literature - American Literature | 4 | 20.00 | 100% | 100% | 0% |
| Literature - British Literature | 2 | 10.00 | 100% | 0% | 0% |
| Literature - European Literature | 4 | 10.00 | 75% | 25% | 0% |
| Other Academic | 1 | 10.00 | 100% | 0% | 0% |
| Other Arts: Auditory | 1 | 0.00 | 0% | 0% | 0% |
| Other Arts: Visual | 1 | 10.00 | 100% | 0% | 0% |
| Other Science: Computer Science | 2 | 10.00 | 50% | 0% | 50% |
| Other Science: Earth Science | 2 | 15.00 | 100% | 50% | 0% |
| Philosophy | 2 | 20.00 | 100% | 100% | 0% |
| Science - Biology | 4 | 17.50 | 100% | 50% | 25% |
| Science - Chemistry | 5 | 18.00 | 100% | 60% | 20% |
| Science - Physics | 3 | 16.67 | 100% | 67% | 0% |
| Social Science | 4 | 15.00 | 75% | 75% | 0% |
| 10 | 12.00 | 90% | 30% | 0% |